00249 a2200121 4500001000700000020002200007040003500029100001900064240001600083245001100099300000800110362000900118157438 a978-85-306-0012-9 cEscola São Tomás de Aquino aCOBEN, Harlan 10aCiladalpor10aCilada a2720 a2019